000 00547nam a22002057a 4500
003 OSt
005 20240829101307.0
008 240829b |||||||| |||| 00| 0 eng d
020 _a0130893994
040 _cMUST
082 _222
_a384 GLO 1998
100 _aGlover, Ian A
_919087
245 _aDigital communications/
_cIan A Glover
250 _a2nd ed.
260 _aLondon:
_bPearson,
_c2004
300 _axlv, 1000p.
_bill.
_c23cm
504 _aBibliographies and Indexes included
650 _2Digital communication
942 _2ddc
_cO_SHELF
999 _c9342
_d9342